Statistics for Winnipeg Jets Roster

Click here to take the quiz!

General Stats

  • This quiz has been taken 115 times
    (27 since last reset)
  • The average score is 16 of 27

Answer Stats

Number Last Name % Correct
33Byfuglien
95%
26Wheeler
90%
29Laine
86%
40Armia
86%
55Scheifele
81%
81Connor
81%
42Ehlers
76%
17Lowry
71%
8Trouba
71%
44Morrissey
71%
18Little
71%
37Hellebuyck
71%
57Myers
62%
85Perreault
57%
39Enstrom
57%
35Mason
57%
34Hutchinson
52%
7Chiarot
52%
5Kulikov
48%
56Dano
48%
13Tanev
48%
70Morrow
43%
51Copp
38%
15Hendricks
33%
16Matthias
24%
25Stastny
24%
3Poolman
24%

Score Distribution

Percentile by Number Answered

Percent of People with Each Score

Your Score History

You have not taken this quiz since the last reset